000 00444nam a2200145 i 4500
001 80738
003 ES-MaACL
007 t|
008 041029s1937 xxk ||||1| eng d
100 1 _aHolmes, Oliver Wendell.
_964060
245 1 4 _aThe autocrat of the Break fast-table /
_cby Oliver Wendell Holmes.
260 _aLondon :
_b[s.n.],
_c1937 (
_ePlymouth :
_fWilliam Brendon and Sons)
300 _a261 p. ;
_c16 cm.
852 _aES-MaACL
_jG-14916
999 _c80738
_d80738